| 000 | 01056cam a2200289 a 4500 | ||
|---|---|---|---|
| 999 |
_c29634 _d29634 |
||
| 001 | 16765094 | ||
| 005 | 20181005121749.0 | ||
| 008 | 110506s2013 maua 001 0 eng | ||
| 010 | _a 2011013314 | ||
| 020 | _a9780321671776 | ||
| 020 | _a0321671775 | ||
| 035 | _a(OCoLC)ocn721085108 | ||
| 040 |
_aDLC _beng _cDLC _dYDX _dYDXCP _dBWX _dCDX _dDLC |
||
| 042 | _apcc | ||
| 050 | 0 | 0 |
_aQA 531 _b.L5 2013 |
| 082 | 0 | 0 |
_a516.24 _223 |
| 100 | _aLial, Margaret L. | ||
| 245 | 0 | 0 |
_aTrigonometry / _cMargaret L. Lial ... [et al.]. |
| 250 | _a10th ed. | ||
| 260 |
_aBoston: _bPearson, _c2013. |
||
| 300 |
_axx, 453, [46] p.: _bill.; [some col.] _c29 cm. |
||
| 504 | _aIncludes index. | ||
| 650 | 0 | _aTrigonometry. | |
| 700 | 1 | _aLial, Margaret L. | |
| 906 |
_a7 _bcbc _corignew _d1 _eecip _f20 _gy-gencatlg |
||
| 942 |
_2lcc _cBOOKS _hQA 531 .L5 2013 |
||